000 00643nam a2200253Ia 4500
003 OSt
005 20221005044008.0
006 a|||||r|||| 00| 0
007 ta
008 221004b |||||||| |||| 00| 0 eng d
024 _a27386
037 _cTextual
040 _aCRL
_cCRL
_beng
041 _2eng
_aeng
082 _aA:(R), M4
100 _aNiiniluoto Illkka
_9592090
245 0 _aIs science progressive
260 _aHolland
_bD Reidel
_c1984
300 _a272p
_ccm.
490 _a(Synthese library ,177)
650 _aSCIENCE
942 _hA:(R), M4
_cTEXL
_2cc
999 _c952727
_d952727